000 01283cam a2200229 4500
001 WB@3612-504
008 040903n2004 000 0 eng u
035 _a(Sirsi) u127260
245 _aMortgage lending boost
260 _c2004
490 _aODPM News Release
_v(2004/0203) 2 September 2004 (2)
520 _a"Home ownership solutions in low demand areas" has just been published. It was commissioned by the ODPM and the Council of Mortgage Lenders from the Centre of Urban and Regional Studies and the Halifax Bank of Scotland. The report finds that there are plenty of opportunities for Housing Market Renewal Pathfinders and mortgage lenders to work together to make financial products and services more widely available. This increased partnership could breathe new life into communities blighted by housing market decline. The full report can be accessed at: http://www.odpm.gov.uk/stellent/groups/odpm_commun ities/documents/page/odpm_comm_030804.pdf. http://www.odpm.gov.uk/pns/DisplayPN.cgi?pn_id=200 4_0203
590 _aWB
590 _aWB
650 _aMORTGAGE LENDING
650 _aHOUSING SUPPLY
650 _aLOW DEMAND
650 _aMARKET RENEWAL PATHFINDER AREAS
650 _aREGENERATION PROGRAMMES
690 _aHOUSING-MARKET
942 _n0
999 _c117952
_d117952